Sports injuries and rehabilitation / (Record no. 38101)

MARC details
000 -LEADER
fixed length control field 00757nam a22002177a 4500
005 - DATE AND TIME OF LATEST TRANSACTION
control field 2010072205365.0
010 ## - LCCN (DPL NO)
LC control number ENG-97346
020 ## - INTERNATIONAL STANDARD BOOK NUMBER
Terms of availability 800.00
International Standard Book Number 9788175245907
020 ## - INTERNATIONAL STANDARD BOOK NUMBER
Terms of availability 800.00
International Standard Book Number 8175245905
035 ## - SYSTEM CONTROL NUMBER
System control number EN-80879
037 ## - SOURCE OF ACQUISITION
Source of stock number/acquisition DBAD/PUB
082 ## - DEWEY DECIMAL CLASSIFICATION NUMBER
Classification number 617.1027
100 ## - MAIN ENTRY--PERSONAL NAME
Personal name Sinku Kumar Singh
245 ## - TITLE STATEMENT
Title Sports injuries and rehabilitation /
Statement of responsibility, etc by Sinku Kumar Singh
260 ## - PUBLICATION, DISTRIBUTION, ETC. (IMPRINT)
Place of publication, distribution, etc New Delhi
Name of publisher, distributor, etc Khel Sahitya Kendra
Date of publication, distribution, etc 2010
270 ## - ADDRESS
Address 7/26, Ansari Road, Darya Ganj,
City New Delhi
Postal code 110002
300 ## - PHYSICAL DESCRIPTION
Extent 342p.
Dimensions 23cm (Hb)
Other physical details ill
700 ## - ADDED ENTRY--PERSONAL NAME
9 (RLIN) 2116
942 ## - ADDED ENTRY ELEMENTS (KOHA)
Source of classification or shelving scheme Dewey Decimal Classification
Item type English Books
Call number suffix SIN
Classification part 617.1027
Holdings
Withdrawn status Lost status Not for loan Collection code Home library Current library Date acquired Source of acquisition Cost, normal purchase price Full call number Barcode Copy number Cost, replacement price Koha item type
    Not For Loan Non-fiction D.B.Act.Division D.B.Act.Division 28/07/2010 DBAD/PUB 800.00 617.1027 SIN EN-80879 1 800.00 English Books

© Delhi Public Library
Hit Counter
free hit counter